Match The Player to The Career High - Statistics

General Stats
  • This quiz has been taken 7 times
    6 since last reset
  • The average score is 6 of 20
Answer Stats
Hint Answer % Correct
Wilt Chamberlain 100
100%
Kobe Bryant 81
100%
Matthew Dellavedova 21
60%
Michael Jordan 69
60%
Luka Doncic 73
60%
Victor Wembanyama 50
40%
Jamal Crawford 52
40%
Antonio McDyess 46
20%
Josh Howard 47
20%
Kyrie Irving 60
20%
LeBron James 61
20%
Steph Curry 62
20%
Jerry West 63
20%
Joel Embiid 70
20%
Damian Lillard 71
20%
Cory Joseph 33
0%
Dennis Rodman 34
0%
Jack Twyman 59
0%
Giannis Antetokounmpo 64
0%
Pete Maravich 68
0%
No matching quizzes found
Score Distribution
Percent of People with Each Score
Percentile by Number Answered
Your Score History
You have not taken this quiz since the last reset